Normal view MARC view

Entry Personal Name

Number of records used in: 1

001 - CONTROL NUMBER

  • control field: 205643

003 - CONTROL NUMBER IDENTIFIER

  • control field: OSt

005 - DATE AND TIME OF LATEST TRANSACTION

  • control field: 20220924133112.0

008 - FIXED-LENGTH DATA ELEMENTS

  • fixed length control field: 220924|| aca||aabn | a|a d

040 ## - CATALOGING SOURCE

  • Original cataloging agency: OSt
  • Transcribing agency: OSt

100 ## - HEADING--PERSONAL NAME

  • Personal name: Mumtaz Fakhira

670 ## - SOURCE DATA FOUND

  • Source citation: Work cat.: (OSt)432605: Mumtaz Fakhira , Urdu me fun swawn e nigari ka irtaqa (1914 se 1975 tak), 1984
Copyright @ Delhi University Library System